| 000 | 00428cam a2200169ua 4500 | ||
|---|---|---|---|
| 020 | _a0-333-34901-6 | ||
| 082 |
_a509 _bBYN/MA |
||
| 100 |
_a . _91495 |
||
| 245 | 0 | 0 | _aMacMillan Dictionary of the History of Science / |
| 250 | _a1 / | ||
| 260 |
_aLondon _bMcMillon Press Ltd , _c1989. |
||
| 300 | _a494 ; . | ||
| 700 | 1 |
_aBynum, W F _91496 |
|
| 700 | 1 |
_aBrowne, E J . _91497 |
|
| 700 | 1 |
_aPorter, Roy . _91498 |
|
| 942 | _cREF | ||
| 999 |
_c9199 _d9199 |
||